000 00779nam a2200253 a 4500
001 000006274
003 DO-SdBNP
005 20240313114128.0
007 ta
008 090827s1974 dr a 000 0 spa d
040 _aDO-SdBNP
_bspa
_cBNPHU
049 _aBNPD
082 4 _bD695i
_222
100 1 _aDore y Cabral, Carlos
_96975
245 1 0 _aInterpretación del proyecto de ley sobre tierras ganaderas /
_cCarlos Dore y Cabral.
260 _aSanto Domingo :
_bTaller,
_c1974.
300 _a47 p. :
_bil. ;
_c20 cm.
490 1 _aColección Debate
_v5
500 _aIncluye referencias bibliográficas y notas al pie de las páginas
504 _aBibliografías : p. 43-47
590 _aInventariado, 2022/BT
830 0 _aColección Debate
_n5
_917527
942 _2ddc
_cLBS1
999 _c6069
_d6069